The encyclopedia of ancient civilizations
Αποθηκεύτηκε σε:
| Άλλοι συγγραφείς: | |
|---|---|
| Μορφή: | Βιβλίο |
| Γλώσσα: | English |
| Δημοσίευση: |
London :
Penguin,
c1980
|
| Θέματα: | |
| Ετικέτες: |
Προσθήκη ετικέτας
Δεν υπάρχουν, Καταχωρήστε ετικέτα πρώτοι!
|
MARC
| LEADER | 00000nam a2200000 i 4500 | ||
|---|---|---|---|
| 001 | 1/87138 | ||
| 008 | 990722s1988 eng d | ||
| 020 | |a 0140114343 | ||
| 035 | |l 10052230 | ||
| 040 | |a GR-MY-UA |b gre |e aacr | ||
| 041 | 0 | |a eng | |
| 082 | 0 | |a Π 930.03 | |
| 245 | 1 | 4 | |a The encyclopedia of ancient civilizations / |c edited by Arthur Cotterell |
| 260 | |a London : |b Penguin, |c c1980 | ||
| 300 | |a 367 p. |b ill. | ||
| 500 | |a The Penguin encyclopedia of ancient civilizations | ||
| 504 | |a Includes index | ||
| 650 | 0 | 0 | |a Civilization, Ancient |x Dictionaries. |
| 700 | 1 | |a Cotterell, Arthur. |4 edt | |
| 852 | |a INST |b LESVOS |e 19990722 |h 930.03 ENC |p 005100019125 |q 005100019125 |t REF |y 23 | ||
| 901 | |a BIBL1-1999-3 | ||
| 909 | |a Λ |b 062381 | ||
| 922 | |a 1ΕΛΗ |b 199812 |c ΚΠΣ/ΚΥΒ |d LEADER | ||
| 950 | |a 023-1998-09-14 | ||
| 970 | |a ΤΖΑΦΕΡΗ |b ΕΥΑΓΓΕΛΙΑ |z 1999/10/21 | ||